[Event "Sao Paulo Hebraica op 27th"]
[Site "Sao Paulo"]
[Date "2020.01.10"]
[Round "2"]
[White "Correia da Silva, Gabriel Medeiros"]
[Black "Rocha, Anderson Luiz da Si"]
[Result "0-1"]
[WhiteElo "1198"]
[BlackElo "1720"]
[PlyCount "60"]
[EventDate "2020.01.10"]
[EventType "swiss"]
[EventRounds "6"]
[EventCountry "BRA"]
[SourceTitle "CBM 194 Extra"]
[Source "ChessBase"]
[SourceDate "2020.03.31"]
[SourceVersion "1"]
[SourceVersionDate "2020.03.31"]
[SourceQuality "1"]

1. e4 c5 2. Nf3 Nc6 3. Bb5 g6 4. Bxc6 dxc6 5. 0-0 Bg7 6. d3 Nf6 7. Be3 b6 8. Nbd2 Ng4 9. Qc1 Nxe3 10. fxe3 0-0 11. c3 Qxd3 12. Qe1 Bh6 13. Kh1 Qxe3 14. Qxe3 Bxe3 15. Nc4 Bh6 16. Nfe5 Ba6 17. Rf3 f6 18. Ng4 Bg5 19. Nce3 h5 20. Nf2 Be2 21. Rg3 h4 22. Rh3 Rad8 23. Re1 Rd2 24. Ned1 Rfd8 25. g3 Bxd1 26. gxh4 Rxf2 27. hxg5 Bf3+ 28. Kg1 Rdd2 29. Rf1 Rg2+ 30. Kh1 Rg3+ 0-1

[Event "Sao Paulo op-B U2050 7th"]
[Site "Sao Paulo"]
[Date "2018.04.01"]
[Round "5"]
[White "Ferreira, Antonia Kaly Sousa"]
[Black "Rocha, Anderson Luiz da Si"]
[Result "0-1"]
[WhiteElo "1705"]
[BlackElo "1187"]
[PlyCount "47"]
[EventDate "2018.03.30"]
[EventType "swiss"]
[EventRounds "6"]
[EventCountry "BRA"]
[SourceTitle "EXT 2021"]
[Source "ChessBase"]
[SourceDate "2020.10.23"]
[SourceVersion "1"]
[SourceVersionDate "2020.10.23"]
[SourceQuality "1"]

1. d4 Nf6 2. c4 g6 3. Nf3 Bg7 4. e3 0-0 5. Nc3 b6 6. g3 c5 7. Bg2 Bb7 8. 0-0 d6 9. b3 Nc6 10. Bb2 Qc8 11. Qc2 Nd7 12. Rad1 a6 13. Rd2 Rb8 14. Rdd1 Ba8 15. dxc5 Nxc5 16. Ng5 Ne5 17. Bxa8 Rxa8 18. Nd5 Qb7 19. f4 Nc6 20. Bxg7 Kxg7 21. Qg2 b5 22. Ne4 Nxe4 23. Qxe4 Rac8 24. Qg2 0-1

[Event "Sao Paulo op-B U2050 7th"]
[Site "Sao Paulo"]
[Date "2018.03.30"]
[Round "2"]
[White "Rocha, Anderson Luiz da Si"]
[Black "Fontella, Amanda Karsburg"]
[Result "1-0"]
[WhiteElo "1187"]
[BlackElo "1748"]
[PlyCount "77"]
[EventDate "2018.03.30"]
[EventType "swiss"]
[EventRounds "6"]
[EventCountry "BRA"]
[SourceTitle "EXT 2021"]
[Source "ChessBase"]
[SourceDate "2020.10.23"]
[SourceVersion "1"]
[SourceVersionDate "2020.10.23"]
[SourceQuality "1"]

1. e4 c5 2. Nf3 e6 3. d4 cxd4 4. Nxd4 Nc6 5. Nc3 Qc7 6. Be2 Nf6 7. 0-0 a6 8. Be3 Be7 9. f4 b5 10. e5 Nd5 11. Nxd5 exd5 12. Bf3 Nxd4 13. Qxd4 Bb7 14. Rf2 0-0 15. Rd1 d6 16. Rd3 dxe5 17. fxe5 Rad8 18. Rc3 Qa5 19. a3 Rc8 20. b4 Qd8 21. Rxc8 Qxc8 22. Bxd5 Bxd5 23. Qxd5 Qc3 24. Bc5 Bxc5 25. bxc5 Qe1+ 26. Rf1 Qe3+ 27. Kh1 Qe2 28. Rd1 Qxc2 29. c6 h6 30. Qd7 Kh7 31. h3 Rc8 32. Qxc8 Qxd1+ 33. Kh2 Qd4 34. Qf5+ g6 35. Qxf7+ Kh8 36. Qf6+ Kh7 37. Qe7+ Kg8 38. Qe8+ Kg7 39. Qd7+ 1-0